Statistiques concernant Coupe du Monde Rugby: Afrique du Sud

Cliquez ici pour prendre le quiz!

Statistiques générales

  • Ce quiz a été pris 94 fois
  • Le résultat moyen est 19 sur 21

Statistiques - réponses

Réponse% Correct
France
100%
Japon
100%
Angleterre
99%
Ecosse
99%
Irlande
99%
Nouvelle-Zélande
99%
Italie
98%
Pays de Galles
98%
Argentine
96%
Australie
96%
Fidji
94%
Tonga
93%
Samoa
90%
Samoa Occidentales
90%
Roumanie
88%
Etats-Unis
85%
Namibie
84%
Canada
81%
Géorgie
81%
Espagne
79%
Uruguay
77%

Distribution des résultats

Percentile par nombre de réponses

% des personnes avec chaque résultat

Votre développement - résultats

Vous n’avez pas pris ce quiz